<?xml version="1.0" encoding="UTF-8"?><?xml-stylesheet type="text/xsl" href="static/style.xsl"?><OAI-PMH xmlns="http://www.openarchives.org/OAI/2.0/" xmlns:xsi="http://www.w3.org/2001/XMLSchema-instance" xsi:schemaLocation="http://www.openarchives.org/OAI/2.0/ http://www.openarchives.org/OAI/2.0/OAI-PMH.xsd"><responseDate>2026-04-29T23:03:57Z</responseDate><request verb="GetRecord" identifier="oai:repisalud.isciii.es:20.500.12105/25932" metadataPrefix="marc">https://repisalud.isciii.es/rest/oai/request</request><GetRecord><record><header><identifier>oai:repisalud.isciii.es:20.500.12105/25932</identifier><datestamp>2025-12-18T12:57:02Z</datestamp><setSpec>com_20.500.12105_2052</setSpec><setSpec>com_20.500.12105_2051</setSpec><setSpec>com_20.500.12105_15322</setSpec><setSpec>col_20.500.12105_19608</setSpec><setSpec>col_20.500.12105_16963</setSpec></header><metadata><record xmlns="http://www.loc.gov/MARC21/slim" xmlns:dcterms="http://purl.org/dc/terms/" xmlns:doc="http://www.lyncode.com/xoai" xmlns:xsi="http://www.w3.org/2001/XMLSchema-instance" xsi:schemaLocation="http://www.loc.gov/MARC21/slim http://www.loc.gov/standards/marcxml/schema/MARC21slim.xsd">
   <leader>00925njm 22002777a 4500</leader>
   <datafield ind2=" " ind1=" " tag="042">
      <subfield code="a">dc</subfield>
   </datafield>
   <datafield ind2=" " ind1=" " tag="720">
      <subfield code="a">Vázquez-Giraldo, Pilar</subfield>
      <subfield code="e">author</subfield>
   </datafield>
   <datafield ind2=" " ind1=" " tag="720">
      <subfield code="a">Muñoz-Sanjosé, Ainoa</subfield>
      <subfield code="e">author</subfield>
   </datafield>
   <datafield ind2=" " ind1=" " tag="720">
      <subfield code="a">Lopez-Cuadrado, Teresa</subfield>
      <subfield code="e">author</subfield>
   </datafield>
   <datafield ind2=" " ind1=" " tag="260">
      <subfield code="c">2024-11</subfield>
   </datafield>
   <datafield ind2=" " ind1=" " tag="520">
      <subfield code="a">Objective: Limited evidence exists regarding the impact of the COVID-19 pandemic on the onset and trajectory of eating disorders (EDs) among young in Spain. This study aims to analyze the characteristics and recent trends in hospital admissions for EDs within the pediatric population. Methods: A retrospective analysis was conducted on hospital admissions for EDs among patients aged 10-19 years between 2016 and 2022. The main outcomes examined included hospital rates (overall, stratified by ED type and age group), psychiatric comorbidities, and length of stay. Results: A total of 8275 hospitalizations due to EDs were identified, constituting 1 in 6 hospital admissions for mental illness and behavioral disorders. Predominant characteristics of this population included female sex (93%), aged 15-19 years (58.3%), admission primarily for anorexia nervosa (71.6%), and psychiatric comorbidity (35.6%). Hospital admissions for EDs in the pediatric population showed an increasing trend, with an annual average increase of 11.1% (95% CI: 2.6, 22.6). This rise was led by children aged 10-14 years, with a yearly increase in EDs hospitalization rates of 28.4% (95% CI: 13.5, 56.3) since 2019. Each discharge related to EDs was associated with a median stay of 24 days (IQR: 10, 40). Discussion: Efforts in community healthcare should prioritize early detection and intervention for symptoms indicative of EDs in the pediatric population, aiming to mitigate the severity of cases requiring hospitalization. These findings underscore the necessity for targeted health planning policies to address the growing burden of EDs among Spanish youth.</subfield>
   </datafield>
   <datafield ind1="8" ind2=" " tag="024">
      <subfield code="a">Vázquez-Giraldo, P., Muñoz-Sanjosé, A. and López-Cuadrado, T. (2024), Hospital Admissions for Eating Disorders in Children and Adolescents in Spain: A Population-Based Study. Int J Eat Disord, 57: 2299-2305. https://doi.org/10.1002/eat.24282</subfield>
   </datafield>
   <datafield ind1="8" ind2=" " tag="024">
      <subfield code="a">10.1002/eat.24282</subfield>
   </datafield>
   <datafield ind1="8" ind2=" " tag="024">
      <subfield code="a">1098-108X</subfield>
   </datafield>
   <datafield ind1="8" ind2=" " tag="024">
      <subfield code="a">0276-3478</subfield>
   </datafield>
   <datafield ind1="8" ind2=" " tag="024">
      <subfield code="a">International Journal of Eating Disorders</subfield>
   </datafield>
   <datafield ind1="8" ind2=" " tag="024">
      <subfield code="a">39205603</subfield>
   </datafield>
   <datafield ind1="8" ind2=" " tag="024">
      <subfield code="a">https://hdl.handle.net/20.500.12105/25932</subfield>
   </datafield>
   <datafield tag="653" ind2=" " ind1=" ">
      <subfield code="a">Adolescents</subfield>
   </datafield>
   <datafield tag="653" ind2=" " ind1=" ">
      <subfield code="a">Children</subfield>
   </datafield>
   <datafield tag="653" ind2=" " ind1=" ">
      <subfield code="a">Eating disorders</subfield>
   </datafield>
   <datafield tag="653" ind2=" " ind1=" ">
      <subfield code="a">Hospital admissions</subfield>
   </datafield>
   <datafield ind2="0" ind1="0" tag="245">
      <subfield code="a">Hospital Admissions for Eating Disorders in Children and Adolescents in Spain: A Population-Based Study.</subfield>
   </datafield>
</record></metadata></record></GetRecord></OAI-PMH>